French in 32 Lessons/ (Record no. 190922)

MARC details
000 -LEADER
fixed length control field 00519nam a22001817a 4500
005 - DATE AND TIME OF LATEST TRANSACTION
control field 20220811110331.0
010 ## - LCCN (DPL NO)
LC control number ENG-134395
020 ## - INTERNATIONAL STANDARD BOOK NUMBER
International Standard Book Number 9788130933719
Terms of availability 295.00
035 ## - SYSTEM CONTROL NUMBER
System control number EN-117927
037 ## - SOURCE OF ACQUISITION
Source of stock number/acquisition DBAD/PUB
082 ## - DEWEY DECIMAL CLASSIFICATION NUMBER
Classification number 448.2421
100 ## - MAIN ENTRY--PERSONAL NAME
Personal name Adrienne
245 ## - TITLE STATEMENT
Title French in 32 Lessons/
Statement of responsibility, etc Adrienne
260 ## - PUBLICATION, DISTRIBUTION, ETC. (IMPRINT)
Place of publication, distribution, etc New Delhi
Name of publisher, distributor, etc Viva Books Private Limited
Date of publication, distribution, etc 2018
270 ## - ADDRESS
Address 4737/23 Ansari Road, Daryaganj
City New Delhi
Postal code 110002
300 ## - PHYSICAL DESCRIPTION
Extent 220p.
Dimensions 21cm(pbk)
942 ## - ADDED ENTRY ELEMENTS (KOHA)
Source of classification or shelving scheme Dewey Decimal Classification
Item type English Books
Classification part 448.2421
Call number suffix ADR
Holdings
Withdrawn status Lost status Not for loan Collection code Home library Current library Date acquired Source of acquisition Cost, normal purchase price Full call number Barcode Copy number Cost, replacement price Koha item type
      Non-fiction Bawana Bawana 11/08/2022 DBAD/PUB 295.00 448.2421 ADR EN-117927 1 295.00 English Books

© Delhi Public Library
Hit Counter
free hit counter